Normal view
MARC view
- Richardson, J. F.
Entry Personal Name
001 - CONTROL NUMBER
- control field: 7283
003 - CONTROL NUMBER IDENTIFIER
- control field: NUST
005 - DATE AND TIME OF LATEST TRANSACTION
- control field: 20171214144446.0
008 - FIXED-LENGTH DATA ELEMENTS
- fixed length control field: 171214|| aca||aabn | a|a d
040 ## - CATALOGING SOURCE
- Original cataloging agency: NUST
- Transcribing agency: NUST
100 ## - HEADING--PERSONAL NAME
- Personal name: Richardson, J. F.
- Fuller form of name: (John Francis)
670 ## - SOURCE DATA FOUND
- Source citation: Work cat.: (NUST)0: Coulson, J. M. (John Metcalfe) 7280, Chemical engineering VOL-4/, 1994.
